Fr. Conceicao Rodrigues College of Engineering

Soldering part one (Record no. 19026)

MARC details
000 -LEADER
fixed length control field 00275nam a2200121Ia 4500
082 ## - DEWEY DECIMAL CLASSIFICATION NUMBER
Classification number 671.56
100 ## - MAIN ENTRY--PERSONAL NAME
Personal name Churchill/ S/C.
245 ## - TITLE STATEMENT
Title Soldering part one
260 ## - PUBLICATION, DISTRIBUTION, ETC.
Name of publisher, distributor, etc. MAchinerys Standard Reference Series
Date of publication, distribution, etc. 2001
546 ## - LANGUAGE NOTE
Language note ENGLISH
654 ## - SUBJECT ADDED ENTRY--FACETED TOPICAL TERMS
Focus term Soldering.
942 ## - ADDED ENTRY ELEMENTS (KOHA)
Koha item type BOOK
Holdings
Withdrawn status Lost status Damaged status Not for loan Collection Home library Current library Date acquired Cost, normal purchase price Total Checkouts Full call number Barcode Date last seen Cost, replacement price Price effective from Koha item type
        AFT Fr. Agnel's C.Rodrigues College of Engineering Fr. Agnel's C.Rodrigues College of Engineering 17/03/2023 22.50   671.56 AFT481 17/03/2023 22.50 17/03/2023 BOOK